000 01772nam a2200313 a 4500
001 ebr10071523
003 CaPaEBR
006 m u
007 cr cn|||||||||
008 950428s1995 dcua sb 000 0 eng d
010 _z 95069122
020 _z0309052858
040 _aCaPaEBR
_cCaPaEBR
035 _a(OCoLC)42328868
050 1 4 _aQ183.3.A1
_bC65 1995eb
110 2 _aCommittee on Science, Engineering, and Public Policy (U.S.)
245 1 0 _aReshaping the graduate education of scientists and engineers
_h[electronic resource] /
_cCommittee on Science, Engineering, and Public Policy, National Academy of Sciences, National Academy of Engineering, Institute of Medicine.
260 _aWashington, D.C. :
_bNational Academy Press,
_c1995.
300 _axii, 207 p. :
_bill.
500 _aThis report is available on the National Academy of Sciences' Internet host. It may be accessed via World Wide Web at http://www.nas.edu, via Gopher at gopher.nas.edu, or via FTP at ftp.nas.edu.
500 _aThis project was supported by the National Science Founation, the U.S. Department of Energy, and the Kellogg Endowment Fund of the National Academy of Sciences and the Institute of Medicine.
504 _aIncludes bibliographical references (p. 203-207).
533 _aElectronic reproduction.
_bPalo Alto, Calif. :
_cebrary,
_d2013.
_nAvailable via World Wide Web.
_nAccess may be limited to ebrary affiliated libraries.
650 0 _aScience
_xStudy and teaching
_zUnited States.
650 0 _aEngineering
_xStudy and teaching
_zUnited States.
655 7 _aElectronic books.
_2local
710 2 _aebrary, Inc.
856 4 0 _uhttp://site.ebrary.com/lib/rucke/Doc?id=10071523
_zAn electronic book accessible through the World Wide Web; click to view
999 _c33355
_d33355